Obras en marcha 1 la nueva literatura Colombiana (Registro nro. 12336)
[ vista simple ]
| 000 -ENCABEZADO | |
|---|---|
| Número de control [NR] | 00945nam a2200217Ia 4500 |
| 008 - DE LONGITUD FIJA DE DATOS DE ELEMENTOS - INFORMACIÓN GENERAL | |
| Elementos de longitud fija [NR] | 130821s1975 ck gr spa |
| 040 ## - FUENTE DE CATALOGACION [NR] | |
| Agencia de catalogación original [NR] | Co-BoUCM |
| Idioma de catalogación [NR] | spa |
| 041 ## - CODIGO DE IDIOMA [R] | |
| Código de idioma para texto/pista de sonido o título separado [R] | Español |
| 245 00 - MENCION DE TITULO [NR] | |
| Título [NR] | Obras en marcha 1 la nueva literatura Colombiana |
| Mención de responsabilidad, etc. [NR] | compilador Juan Gustavo Cobo Borda. |
| 260 ## - PUBLICACION, DISTRIBUCION, ETC. (PIE DE IMPRENTA) [R] | |
| Lugar de publicación, distribución, etc. [R] | Bogotá (Colombia) |
| Nombre del editor, distribuidor, etc. [R] | Instituto Colombiano de Cultura |
| Fecha de publicación, distribución, etc. [R] | 1975 |
| 300 ## - DESCRIPCION FISICA [R] | |
| Extensión [R] | 319 páginas |
| 490 #0 - MENCION DE SERIE [R] | |
| Mención de serie [R] | Biblioteca Colombiana de Cultura. |
| Designación numérica/secuencial del volumen [NR] | 4 |
| Mención de serie [R] | Colección Popular |
| 500 ## - NOTA GENERAL [R] | |
| Nota general [NR] | El ejemplar No.2 es Donación UCM-C-ARRAYANES. |
| 500 ## - NOTA GENERAL [R] | |
| Nota general [NR] | Incluye índice. |
| 650 04 - ASIENTO SECUNDARIO DE MATERIA - TERMINO TEMATICO [R] | |
| Término temático o nombre geográfico como elemento de entrada [NR] | Literatura colombiana |
| 9 (RLIN) | 18629 |
| 650 04 - ASIENTO SECUNDARIO DE MATERIA - TERMINO TEMATICO [R] | |
| Término temático o nombre geográfico como elemento de entrada [NR] | Literatura colombiana |
| Subdivisión general [R] | Crítica e interpretación, etc. |
| 9 (RLIN) | 18629 |
| 700 1# - ASIENTO SECUNDARIO - NOMBRE PERSONAL [R] | |
| Nombre personal [NR] | Cobo Borda, Juan Gustavo |
| Término de relación [R] | |
| 9 (RLIN) | 580 |
| 710 1# - ASIENTO SECUNDARIO - NOMBRE CORPORATIVO [R] | |
| Nombre corporativo o de jurisdicción como elemento de entrada [NR] | Instituto Colombiano de Cultura. |
| Unidad subordinada [R] | Subdirección de Comunicaciones Culturales. |
| -- | División de Publicaciones |
| 9 (RLIN) | 114860 |
| 942 ## - ELEMENTOS DE ENTRADA AGREGADOS (KOHA) | |
| Tipo de ítem principal el descrito en 300a | Libro |
| Tema principal | Literatura |
| Edición | 1 |
| Prefijo de la signatura top. (colección) | Literatura - Colombia |
| Parte restante de la signatura top. | O131 |
| Sistema de clasificación | DEWEY |
| Clasificación | 868.4 |
| Título oculto en OPAC | No |
| Fecha de último préstamo | Signatura topográfica | Código de barras | Última vez visto | Ejemplar | Price effective from | Tipo de ítem | Perdido | Sistema de clasificación | Dañado | No prestable | Tipo de ítem específico | Suprimido | Ubicación habitual | Ubicación actual | Localización | Fecha de creación | Forma de adquisición | Costo |
|---|---|---|---|---|---|---|---|---|---|---|---|---|---|---|---|---|---|---|
| 17/01/2012 | C 868.4 O131 | 100119170 | 15/01/2018 | Ej.2 | 03/02/2013 | Libro | DEWEY | Libro | Bodega | Bodega | Préstamo 4 días después de solicitado | 28/02/2012 | Donación | 26000.00 | ||||
| C 868.4 O131 | 100019538 | 06/12/2025 | Ej.1 | 03/02/2013 | Libro | DEWEY | Libro | Claustro | Claustro | 2do piso | 28/02/2003 | Donación | 450.00 |